00534nam a2200157Ia 450000500170000000800410001702000150005805000190007308200140009210000360010624500830014226000410022530000180026650000770028465000150036120231102151150.0120629s1999 mx aa 000 0 spa d a9681816129 aHB179.E86bZ67 a330bZ78c aZorrilla Arena, Santiagoeautor aCómo aprender economíab : conceptos básicosc / Santiago Zorrilla Arena aMéxicob : LimusabNoriegac, 1999 a232 páginas aBibliografía, ejercicios de evaluación e índice Reimpresión 200314aECONOMÍA